[Event "Mostoles op 11th"]
[Site "Mostoles"]
[Date "2022.07.24"]
[Round "8"]
[White "Sanchez Garcia, Aurelio"]
[Black "Rebollo Palos, Isaac"]
[Result "1/2-1/2"]
[WhiteElo "1969"]
[BlackElo "1958"]
[PlyCount "71"]
[EventDate "2022.07.17"]
[EventType "swiss"]
[EventRounds "9"]
[EventCountry "ESP"]
[SourceTitle "EXT 2024"]
[Source "ChessBase"]
[SourceDate "2023.10.10"]
[SourceVersion "1"]
[SourceVersionDate "2023.10.10"]
[SourceQuality "1"]

1. Nf3 d5 2. e3 Nf6 3. c4 e6 4. Nc3 b6 5. b3 Bb7 6. cxd5 exd5 7. Bb2 Nbd7 8. d4 a6 9. Bd3 Bd6 10. 0-0 0-0 11. Rc1 Qe7 12. Bf5 Ne4 13. Ne2 f6 14. Ne1 g6 15. Bh3 Ng5 16. Bxd7 Qxd7 17. Nd3 Rae8 18. Rc2 Re7 19. Qc1 Qg4 20. Ng3 h5 21. Ba3 h4 22. Bxd6 cxd6 23. h3 Nxh3+ 24. gxh3 Qg5 25. Kh1 hxg3 26. Rg1 Qf5 27. Nf4 Qe4+ 28. Rg2 g5 29. f3 Qxf3 30. Ng6 Rxe3 31. Nxf8 Qe4 32. Nd7 Re1+ 33. Qxe1 Qxe1+ 34. Rg1 Qe6 35. Nxf6+ Qxf6 36. Rxg3 1/2-1/2

[Event "Madrid-ch sf"]
[Site "Madrid"]
[Date "2022.05.07"]
[Round "4"]
[White "Sanchez Garcia, Aurelio"]
[Black "Simonyan, Arturo"]
[Result "1/2-1/2"]
[WhiteElo "1988"]
[BlackElo "1895"]
[PlyCount "44"]
[EventDate "2022.05.04"]
[EventType "swiss"]
[EventRounds "9"]
[EventCountry "ESP"]
[SourceTitle "EXT 2023"]
[Source "ChessBase"]
[SourceDate "2022.10.05"]
[SourceVersion "1"]
[SourceVersionDate "2022.10.05"]
[SourceQuality "1"]

1. Nf3 Nf6 2. c4 g6 3. Nc3 Bg7 4. e4 d6 5. d4 0-0 6. Be2 c5 7. 0-0 cxd4 8. Nxd4 Nc6 9. Be3 Bd7 10. h3 Nxd4 11. Bxd4 Bc6 12. Qc2 a5 13. Rad1 Nd7 14. Bxg7 Kxg7 15. Bg4 Ne5 16. c5 Nxg4 17. hxg4 Qc8 18. cxd6 Qxg4 19. dxe7 Rfe8 20. Nd5 Bxd5 21. Qc3+ Kg8 22. exd5 Rxe7 1/2-1/2

[Event "ESP-ch rapid"]
[Site "Linares"]
[Date "2019.08.24"]
[Round "7"]
[White "Camacho Collados, Jose"]
[Black "Sanchez Garcia, Aurelio"]
[Result "1-0"]
[WhiteElo "2413"]
[BlackElo "2011"]
[PlyCount "73"]
[EventDate "2019.08.24"]
[EventType "swiss (rapid)"]
[EventRounds "9"]
[EventCountry "ESP"]
[SourceTitle "EXT 2020"]
[Source "ChessBase"]
[SourceDate "2019.10.17"]
[SourceVersion "1"]
[SourceVersionDate "2019.10.17"]
[SourceQuality "1"]

1. d4 c5 2. d5 g6 3. e4 Bg7 4. Nf3 d6 5. h3 Nf6 6. Nc3 Na6 7. Be2 Nc7 8. 0-0 a6 9. a4 Bd7 10. Bf4 b5 11. axb5 axb5 12. Rxa8 Qxa8 13. e5 Nfxd5 14. exd6 Nxf4 15. dxc7 Qc8 16. Bxb5 Bxb5 17. Nxb5 0-0 18. Re1 Ne6 19. c4 Bf6 20. Qd5 Nxc7 21. Qxc5 Na6 22. Qa3 Nc5 23. b4 Ne6 24. c5 Qc6 25. Nc3 Rc8 26. Qb3 Rb8 27. Nd5 Qxc5 28. Nxf6+ exf6 29. Qxe6 Qxb4 30. Qxf6 Rc8 31. Rd1 Qb8 32. Ne5 Rf8 33. Ng4 h5 34. Nh6+ Kh7 35. Nxf7 Qb3 36. Ng5+ Kg8 37. Qxg6+ 1-0

[Event "Mostoles op 10th"]
[Site "Mostoles"]
[Date "2019.07.21"]
[Round "4"]
[White "Sanchez Garcia, Aurelio"]
[Black "Lopez Orellana, Federico"]
[Result "1-0"]
[WhiteElo "2011"]
[BlackElo "1752"]
[PlyCount "65"]
[EventDate "2019.07.18"]
[EventType "swiss"]
[EventRounds "9"]
[EventCountry "ESP"]
[SourceTitle "EXT 2020"]
[Source "ChessBase"]
[SourceDate "2019.10.17"]
[SourceVersion "1"]
[SourceVersionDate "2019.10.17"]
[SourceQuality "1"]

1. c4 e6 2. Nf3 f5 3. g3 Nf6 4. Bg2 g6 5. 0-0 Bg7 6. Nc3 0-0 7. d4 d6 8. Qc2 Nbd7 9. b3 Rb8 10. Bb2 b6 11. Nb5 Ne4 12. Nxa7 Bb7 13. Nb5 g5 14. e3 Ndf6 15. Nc3 Nxc3 16. Qxc3 Ne4 17. Qc2 h5 18. Nd2 Nxd2 19. Qxd2 Bxg2 20. Kxg2 Qe7 21. f3 Rbd8 22. e4 f4 23. d5 e5 24. a4 Qd7 25. b4 g4 26. a5 gxf3+ 27. Rxf3 Qg4 28. Qd3 Ra8 29. Bc3 Qg6 30. Kh1 Kh8 31. gxf4 Rxf4 32. Rxf4 exf4 33. Rg1 1-0

[Event "Madrid-ch sf"]
[Site "Madrid"]
[Date "2019.05.11"]
[Round "6"]
[White "Sanchez Garcia, Aurelio"]
[Black "De la Puerta Cresis, Javier"]
[Result "0-1"]
[WhiteElo "2042"]
[BlackElo "2116"]
[PlyCount "120"]
[EventDate "2019.05.06"]
[EventType "swiss"]
[EventRounds "9"]
[EventCountry "ESP"]
[SourceTitle "CBM 190 Extra"]
[Source "ChessBase"]
[SourceDate "2019.07.15"]
[SourceVersion "1"]
[SourceVersionDate "2019.07.15"]
[SourceQuality "1"]

1. Nf3 c5 2. c4 Nf6 3. Nc3 d5 4. cxd5 Nxd5 5. e3 g6 6. Qb3 Nb4 7. Ne5 Be6 8. Bc4 Bxc4 9. Qxc4 e6 10. 0-0 Bd6 11. d4 cxd4 12. exd4 0-0 13. Nb5 N8c6 14. Bh6 Re8 15. Nxd6 Qxd6 16. Nxc6 Nxc6 17. Rad1 Qd5 18. Qxd5 exd5 19. Be3 Re4 20. Rd3 Rae8 21. g3 f6 22. Rc1 R8e7 23. Rc5 Kf7 24. Kg2 g5 25. Ra3 Rd7 26. f3 Re6 27. Rc2 h6 28. g4 Kg6 29. Bf2 f5 30. h3 Rde7 31. Kf1 h5 32. gxh5+ Kxh5 33. Rb3 Kg6 34. Rb5 Rd7 35. Rcc5 Ne7 36. Rc2 f4 37. Rb3 Kf6 38. Rbc3 Nc6 39. a3 Kf5 40. b4 Rh6 41. b5 Na5 42. Kg2 Nc4 43. Re2 Rdh7 44. h4 gxh4 45. Kh3 Re6 46. Rxe6 Kxe6 47. Rc1 Nxa3 48. b6 axb6 49. Bxh4 Rg7 50. Rc8 Nb5 51. Bf2 Nd6 52. Rf8 Nf5 53. Re8+ Re7 54. Rg8 Rh7+ 55. Kg2 Rg7+ 56. Rxg7 Nxg7 57. Kh3 Kf5 58. Be1 Ne6 59. Bc3 b5 60. Kh4 Ng5 0-1

[Event "Madrid-ch sf"]
[Site "Madrid"]
[Date "2019.05.06"]
[Round "1"]
[White "Rueda Maria, Ramiro"]
[Black "Sanchez Garcia, Aurelio"]
[Result "0-1"]
[WhiteElo "1843"]
[BlackElo "2042"]
[PlyCount "80"]
[EventDate "2019.05.06"]
[EventType "swiss"]
[EventRounds "9"]
[EventCountry "ESP"]
[SourceTitle "CBM 190 Extra"]
[Source "ChessBase"]
[SourceDate "2019.07.15"]
[SourceVersion "1"]
[SourceVersionDate "2019.07.15"]
[SourceQuality "1"]

1. e4 c5 2. Nf3 g6 3. d4 cxd4 4. Nxd4 Bg7 5. Be3 Nc6 6. Be2 Nf6 7. Nc3 0-0 8. Qd2 d5 9. exd5 Nxd5 10. Nxd5 Nxd4 11. Bc4 Nf5 12. Bg5 h6 13. Bf4 e5 14. Be3 Nxe3 15. Nxe3 Qxd2+ 16. Kxd2 Bd7 17. Rad1 Rfd8 18. Ke2 Be8 19. Nd5 Kf8 20. Nc7 Rxd1 21. Kxd1 Rd8+ 22. Bd3 Bc6 23. Kc1 Rd7 24. Nb5 Rxd3 25. cxd3 Bxb5 26. Kc2 Ke7 27. Re1 Kd6 28. f3 f5 29. g4 f4 30. Kd2 Bf6 31. Rc1 Bc6 32. Ke2 Bd8 33. Rc4 a5 34. b3 Kd5 35. Rc2 Be7 36. Rc1 Bc5 37. Rc4 Bb5 38. Rc2 Kd4 39. Rd2 Bb4 40. Rd1 Bc3 0-1

[Event "Madrid-ch Seniors 50"]
[Site "Madrid"]
[Date "2019.01.09"]
[Round "3"]
[White "Sanchez Garcia, Aurelio"]
[Black "Sanchez Peral, Pedro"]
[Result "1-0"]
[WhiteElo "2058"]
[BlackElo "1873"]
[PlyCount "129"]
[EventDate "2019.01.07"]
[EventType "swiss"]
[EventRounds "9"]
[EventCountry "ESP"]
[SourceTitle "CBM 188 Extra"]
[Source "ChessBase"]
[SourceDate "2019.02.26"]
[SourceVersion "1"]
[SourceVersionDate "2019.02.26"]
[SourceQuality "1"]

1. Nf3 Nf6 2. c4 g6 3. b4 Bg7 4. Bb2 0-0 5. g3 b6 6. Bg2 Bb7 7. 0-0 c5 8. b5 d5 9. cxd5 Nxd5 10. Bxg7 Kxg7 11. d4 Nf6 12. dxc5 bxc5 13. Nc3 Nbd7 14. Qc2 Qc7 15. a4 Rac8 16. a5 Rfd8 17. Rfb1 Ne5 18. b6 axb6 19. axb6 Qb8 20. Nxe5 Bxg2 21. Nxf7 Kxf7 22. Kxg2 Qb7+ 23. Kg1 Qc6 24. Qa4 Qxa4 25. Rxa4 Rb8 26. Ra5 Rd6 27. Na4 Nd7 28. Nxc5 Nxc5 29. Rxc5 Rdxb6 30. Rxb6 Rxb6 31. g4 h6 32. Kg2 Rb4 33. Kg3 Rb3+ 34. e3 Ra3 35. h4 Rb3 36. Ra5 Rc3 37. h5 Rc6 38. hxg6+ Rxg6 39. Rf5+ Kg7 40. Kf4 Ra6 41. Ke5 Rb6 42. f3 Ra6 43. Kd4 Rd6+ 44. Ke4 Ra6 45. Kf4 Rc6 46. e4 Ra6 47. Ke3 Rb6 48. Kd4 Rd6+ 49. Kc5 Rd3 50. e5 Rc3+ 51. Kd5 Rc7 52. Ke6 Ra7 53. Rf7+ Kg6 54. Rxe7 Ra6+ 55. Kd5 Ra5+ 56. Ke4 Ra4+ 57. Ke3 h5 58. gxh5+ Kxh5 59. Rg7 Kh6 60. Rg4 Ra5 61. Ke4 Ra4+ 62. Kf5 Ra5 63. f4 Ra6 64. Rg1 Kh7 65. e6 1-0

[Event "Madrid-ch Seniors 50"]
[Site "Madrid"]
[Date "2019.01.07"]
[Round "1"]
[White "Sanchez Garcia, Aurelio"]
[Black "Calderon Martin, Antonio"]
[Result "1-0"]
[WhiteElo "2058"]
[BlackElo "1681"]
[PlyCount "85"]
[EventDate "2019.01.07"]
[EventType "swiss"]
[EventRounds "9"]
[EventCountry "ESP"]
[SourceTitle "CBM 188 Extra"]
[Source "ChessBase"]
[SourceDate "2019.02.26"]
[SourceVersion "1"]
[SourceVersionDate "2019.02.26"]
[SourceQuality "1"]

1. Nf3 d5 2. e3 c6 3. c4 e6 4. b3 f5 5. Be2 Nf6 6. 0-0 Bd6 7. Ba3 0-0 8. Qc1 Re8 9. d4 Bc7 10. Nc3 Nbd7 11. Rd1 Ne4 12. Rb1 Nxc3 13. Qxc3 Nf6 14. Ne5 Ne4 15. Qe1 Nf6 16. b4 Nd7 17. f4 Nf6 18. b5 Bd7 19. Rdc1 Bxe5 20. dxe5 Ne4 21. Bh5 g6 22. Bf3 cxb5 23. cxb5 Qb6 24. Bxe4 fxe4 25. Bc5 Qd8 26. Bd6 a6 27. bxa6 bxa6 28. Rc7 Rc8 29. Rbb7 Rxc7 30. Rxc7 Bb5 31. h4 Kh8 32. Kh2 Rg8 33. Re7 Qc8 34. Qg3 Rg7 35. Qg5 Rxe7 36. Bxe7 Kg8 37. h5 Qe8 38. f5 exf5 39. e6 Be2 40. h6 Qb8+ 41. g3 Bg4 42. Ba3 Qe8 43. Qf6 1-0

[Event "Mostoles op 9th"]
[Site "Mostoles"]
[Date "2018.07.24"]
[Round "8"]
[White "Angelina Vela, Carlos"]
[Black "Sanchez Garcia, Aurelio"]
[Result "1/2-1/2"]
[WhiteElo "2098"]
[BlackElo "2054"]
[PlyCount "80"]
[EventDate "2018.07.17"]
[EventType "swiss"]
[EventRounds "9"]
[EventCountry "ESP"]
[SourceTitle "CBM 186 Extra"]
[Source "ChessBase"]
[SourceDate "2018.08.24"]
[SourceVersion "1"]
[SourceVersionDate "2018.08.24"]
[SourceQuality "1"]

1. d4 Nf6 2. Nf3 g6 3. g3 Bg7 4. Bg2 c5 5. d5 d6 6. Nc3 0-0 7. 0-0 e6 8. e4 exd5 9. exd5 Bg4 10. h3 Bxf3 11. Qxf3 a6 12. a4 b6 13. Re1 Nbd7 14. Bf4 Ne8 15. Bf1 Ne5 16. Qd1 f5 17. Bc1 Nc7 18. f4 Nd7 19. Bg2 Qf6 20. Be3 Qf7 21. Qd3 Rfe8 22. Bf2 Rxe1+ 23. Rxe1 Re8 24. Rxe8+ Qxe8 25. Bf3 Nf6 26. Kg2 b5 27. axb5 axb5 28. b4 cxb4 29. Na2 Ne4 30. Nxb4 Nxf2 31. Kxf2 Qe7 32. Qe3 Qxe3+ 33. Kxe3 Bc3 34. Nc6 Kf7 35. g4 Bb2 36. Kd2 Ba3 37. gxf5 gxf5 38. Nd4 Kf6 39. Kd3 Bc5 40. Ne2 Na6 1/2-1/2

[Event "Madrid-ch final"]
[Site "Madrid"]
[Date "2018.05.28"]
[Round "3"]
[White "Sanchez Garcia, Aurelio"]
[Black "Fernandez Lledo, Javier"]
[Result "0-1"]
[WhiteElo "2060"]
[BlackElo "2241"]
[PlyCount "120"]
[EventDate "2018.05.26"]
[EventType "swiss"]
[EventRounds "7"]
[EventCountry "ESP"]
[SourceTitle "CBM 184 Extra"]
[Source "ChessBase"]
[SourceDate "2018.06.28"]
[SourceVersion "1"]
[SourceVersionDate "2018.06.28"]
[SourceQuality "1"]

1. c4 e6 2. Nf3 Nf6 3. e3 d5 4. b3 c5 5. Bb2 Nc6 6. cxd5 Nxd5 7. Nc3 a6 8. Be2 Be7 9. Nxd5 Qxd5 10. 0-0 e5 11. d4 e4 12. Ne5 Nxe5 13. dxe5 Qe6 14. Qc2 Qg6 15. Rfd1 Bh3 16. Bf1 Bg4 17. Rd6 Bxd6 18. exd6 Rc8 19. Be5 0-0 20. Rc1 h5 21. h4 b5 22. a4 Bd7 23. a5 Qf5 24. Bf4 f6 25. Be2 g5 26. Bg3 gxh4 27. Bxh4 Rfe8 28. Bg3 Kg7 29. Bf4 Qg6 30. Kh2 Rg8 31. Rh1 h4 32. Kg1 Kf8 33. g3 h3 34. Kh2 Qf5 35. Rd1 Kf7 36. Rd2 Rgd8 37. Qd1 Be6 38. g4 Qg6 39. g5 Kf8 40. d7 Rc6 41. Bh5 Qg7 42. Be8 fxg5 43. Bd6+ Kg8 44. Bg3 Bf7 45. Rd6 Rxd6 46. Qxd6 Bxe8 47. dxe8Q+ Rxe8 48. Qxc5 Qf6 49. Kxh3 Rd8 50. Qb6 Qf5+ 51. Kh2 Rd7 52. Qb8+ Kf7 53. Qh8 g4 54. Bf4 b4 55. Kg3 Rd5 56. Qb8 Rd7 57. Qxb4 Qh5 58. Qc4+ Kg7 59. Qf1 Rd1 60. Qg2 Rg1 0-1

[Event "Madrid-ch sf"]
[Site "Madrid"]
[Date "2018.05.10"]
[Round "6"]
[White "Lopez de Turiso, Jose Angel"]
[Black "Sanchez Garcia, Aurelio"]
[Result "1/2-1/2"]
[WhiteElo "2022"]
[BlackElo "2060"]
[PlyCount "37"]
[EventDate "2018.05.05"]
[EventType "swiss"]
[EventRounds "9"]
[EventCountry "ESP"]
[SourceTitle "CBM 184 Extra"]
[Source "ChessBase"]
[SourceDate "2018.06.28"]
[SourceVersion "1"]
[SourceVersionDate "2018.06.28"]
[SourceQuality "1"]

1. e4 g6 2. d4 Bg7 3. Nf3 d6 4. Bc4 Nf6 5. Qe2 0-0 6. Bg5 Bg4 7. Nbd2 Nc6 8. c3 e5 9. h3 Bd7 10. dxe5 dxe5 11. 0-0 h6 12. Be3 Qc8 13. Rfd1 Nh5 14. Nb3 Rd8 15. Nh4 Be6 16. Nc5 Bxc4 17. Qxc4 Na5 18. Qb5 b6 19. Nb3 1/2-1/2

[Event "Madrid-ch sf"]
[Site "Madrid"]
[Date "2018.05.08"]
[Round "4"]
[White "Pindado Campos, Raul"]
[Black "Sanchez Garcia, Aurelio"]
[Result "1/2-1/2"]
[WhiteElo "2018"]
[BlackElo "2060"]
[PlyCount "115"]
[EventDate "2018.05.05"]
[EventType "swiss"]
[EventRounds "9"]
[EventCountry "ESP"]
[SourceTitle "CBM 184 Extra"]
[Source "ChessBase"]
[SourceDate "2018.06.28"]
[SourceVersion "1"]
[SourceVersionDate "2018.06.28"]
[SourceQuality "1"]

1. d4 g6 2. c4 Bg7 3. e4 c5 4. d5 d6 5. Nf3 e6 6. Nc3 a6 7. a4 Ne7 8. Be2 h6 9. 0-0 Bxc3 10. bxc3 e5 11. Nd2 g5 12. Re1 Ng6 13. Nf1 Nd7 14. Bg4 Nf6 15. Bxc8 Rxc8 16. Rb1 Rc7 17. Ng3 Nf4 18. Nf5 Rd7 19. Qb3 Ng6 20. Qb6 Nh4 21. Qxd8+ Kxd8 22. Nxh6 Rxh6 23. Bxg5 Nf3+ 24. gxf3 Rg6 25. h4 Kc7 26. Kf1 Nh5 27. Ke2 f6 28. Be3 Rdg7 29. a5 Rg2 30. Kd3 Rg8 31. Rec1 R8g6 32. Kd2 R6g3 33. Rb6 Rg8 34. Rcb1 Rb8 35. Ke2 Ng3+ 36. Kd3 Nh5 37. R6b2 Rh2 38. Rg1 Rxh4 39. Rbb1 b6 40. axb6+ Rxb6 41. Rxb6 Kxb6 42. Kd2 a5 43. Bh6 Nf4 44. Bf8 Rh2 45. Rf1 Kc7 46. Be7 Rh3 47. Bxf6 Rxf3 48. Bh4 Nh3 49. Ra1 Rf4 50. Bg3 Rxe4 51. Rxa5 Rxc4 52. Ra7+ Kc8 53. Ra6 Kc7 54. Ra7+ Kc8 55. f3 Nf4 56. Ra6 Kc7 57. Ra7+ Kc8 58. Ra6 1/2-1/2

[Event "Madrid-ch sf"]
[Site "Madrid"]
[Date "2018.05.05"]
[Round "1"]
[White "Sanchez Garcia, Aurelio"]
[Black "Santamaria Baeza, Adolfo"]
[Result "1/2-1/2"]
[WhiteElo "2060"]
[BlackElo "1901"]
[PlyCount "137"]
[EventDate "2018.05.05"]
[EventType "swiss"]
[EventRounds "9"]
[EventCountry "ESP"]
[SourceTitle "CBM 184 Extra"]
[Source "ChessBase"]
[SourceDate "2018.06.28"]
[SourceVersion "1"]
[SourceVersionDate "2018.06.28"]
[SourceQuality "1"]

1. Nf3 Nc6 2. d4 d5 3. Bf4 Bf5 4. a3 e6 5. e3 Nf6 6. c4 Be7 7. Nc3 a6 8. Rc1 0-0 9. h3 Re8 10. cxd5 exd5 11. Bd3 Bxd3 12. Qxd3 Ne4 13. 0-0 Rc8 14. b4 Bf8 15. Na4 Na7 16. Rc2 c6 17. Rb1 Nb5 18. Nc5 Bxc5 19. dxc5 Nc7 20. Be5 f6 21. Ba1 Ne6 22. Nd4 Nxd4 23. Bxd4 Qd7 24. a4 Rb8 25. b5 axb5 26. axb5 Ng5 27. Rcb2 Qc7 28. bxc6 bxc6 29. Rb6 Ne6 30. Qf5 Rxb6 31. cxb6 Qb7 32. Qg4 Kf8 33. Qh5 h6 34. Ra1 Ra8 35. Qf5 Rxa1+ 36. Bxa1 Kf7 37. Qb1 c5 38. Qb5 Ke7 39. Bb2 Kd6 40. Ba3 Qc6 41. Qa6 Nd8 42. e4 dxe4 43. Bc1 Nb7 44. Bf4+ Ke6 45. Qc4+ Qd5 46. Qb5 Kf7 47. Be3 g5 48. g4 Ke7 49. Qa4 c4 50. Qa8 c3 51. Qc8 Kf7 52. Qxc3 Kg6 53. Bd4 Kf7 54. Bxf6 Qd1+ 55. Kh2 Qd6+ 56. Be5 Qxb6 57. Qc4+ Kf8 58. Bd4 Qd6+ 59. Kg2 Qd7 60. Qb4+ Kg8 61. Qb6 Nd6 62. Qb8+ Kf7 63. Qh8 Qe6 64. Bg7 e3 65. fxe3 Qe4+ 66. Kf2 Qc2+ 67. Kf1 Qd1+ 68. Kg2 Qd2+ 69. Kh1 1/2-1/2

[Event "Madrid-ch Seniors 50"]
[Site "Madrid"]
[Date "2018.01.18"]
[Round "9"]
[White "Sanchez Garcia, Aurelio"]
[Black "Casares Ripoll, Fernando"]
[Result "1/2-1/2"]
[WhiteElo "2091"]
[BlackElo "2110"]
[PlyCount "23"]
[EventDate "2018.01.08"]
[EventType "swiss"]
[EventRounds "9"]
[EventCountry "ESP"]
[SourceTitle "CBM 182 Extra"]
[Source "ChessBase"]
[SourceDate "2018.02.23"]
[SourceVersion "1"]
[SourceVersionDate "2018.02.23"]
[SourceQuality "1"]

1. Nf3 c5 2. e3 d5 3. b3 Nf6 4. Bb2 Bg4 5. h3 Bh5 6. g4 Bg6 7. Ne5 Nc6 8. Bb5 Qb6 9. Bxc6+ bxc6 10. h4 h6 11. Nxg6 fxg6 12. Na3 1/2-1/2

[Event "Madrid-ch Seniors 50"]
[Site "Madrid"]
[Date "2018.01.16"]
[Round "7"]
[White "Sanchez Garcia, Aurelio"]
[Black "Garcia Martin, Esteban"]
[Result "1-0"]
[WhiteElo "2091"]
[BlackElo "1886"]
[PlyCount "51"]
[EventDate "2018.01.08"]
[EventType "swiss"]
[EventRounds "9"]
[EventCountry "ESP"]
[SourceTitle "CBM 182 Extra"]
[Source "ChessBase"]
[SourceDate "2018.02.23"]
[SourceVersion "1"]
[SourceVersionDate "2018.02.23"]
[SourceQuality "1"]

1. Nf3 c5 2. e3 Nf6 3. d4 e6 4. c4 d5 5. a3 Be7 6. dxc5 Bxc5 7. b4 Be7 8. Bb2 0-0 9. Nbd2 a5 10. b5 a4 11. Be2 Nbd7 12. 0-0 Nc5 13. Qc2 Nfd7 14. cxd5 exd5 15. Rfd1 Nf6 16. Bxf6 gxf6 17. Nd4 Kh8 18. Bf3 Rg8 19. Nf1 Bg4 20. Ng3 Rc8 21. Bxg4 Rxg4 22. Rac1 Bd6 23. Qf5 Rg5 24. Qf3 Bxg3 25. hxg3 Qd7 26. Qxf6+ 1-0

[Event "Madrid-ch Seniors 50"]
[Site "Madrid"]
[Date "2018.01.09"]
[Round "2"]
[White "Fernandez Aransay, Fernando"]
[Black "Sanchez Garcia, Aurelio"]
[Result "0-1"]
[WhiteElo "1825"]
[BlackElo "2091"]
[PlyCount "60"]
[EventDate "2018.01.08"]
[EventType "swiss"]
[EventRounds "9"]
[EventCountry "ESP"]
[SourceTitle "CBM 182 Extra"]
[Source "ChessBase"]
[SourceDate "2018.02.23"]
[SourceVersion "1"]
[SourceVersionDate "2018.02.23"]
[SourceQuality "1"]

1. e4 g6 2. d4 Bg7 3. Nc3 d6 4. Be3 a6 5. Qd2 b5 6. 0-0-0 Nf6 7. f3 b4 8. Nce2 a5 9. Kb1 Ba6 10. Nc1 Bxf1 11. Rxf1 Nbd7 12. Bh6 Bxh6 13. Qxh6 c5 14. dxc5 Nxc5 15. Rd1 Qc7 16. Nge2 Rc8 17. Nd4 Na4 18. Rd2 Nd7 19. Qg7 Rf8 20. f4 Ndb6 21. Nd3 Nc4 22. Re2 Ncxb2 23. e5 Nc3+ 24. Ka1 Qc4 25. Nb3 Nxe2 26. exd6 Nxd3 27. dxe7 Kxe7 28. Rd1 Qc3+ 29. Qxc3 Nxc3 30. Rxd3 Rfd8 0-1

[Event "Madrid-ch Seniors 50"]
[Site "Madrid"]
[Date "2017.01.09"]
[Round "1"]
[White "Sanchez Garcia, Aurelio"]
[Black "Camarero Izquierdo, Juan Carlos"]
[Result "1-0"]
[WhiteElo "2131"]
[BlackElo "1732"]
[PlyCount "117"]
[EventDate "2017.01.09"]
[EventType "swiss"]
[EventRounds "9"]
[EventCountry "ESP"]
[SourceTitle "CBM 176 Extra"]
[Source "ChessBase"]
[SourceDate "2017.03.02"]
[SourceVersion "1"]
[SourceVersionDate "2017.03.02"]
[SourceQuality "1"]

1. Nf3 d5 2. e3 Bg4 3. c4 Bxf3 4. Qxf3 e6 5. Nc3 c6 6. d4 Nd7 7. Bd3 Ngf6 8. 0-0 Bd6 9. e4 dxe4 10. Nxe4 Nxe4 11. Bxe4 Qc7 12. h3 0-0 13. Bg5 Rae8 14. c5 Be7 15. Bf4 Qa5 16. b4 Qd8 17. Rfd1 Nf6 18. b5 Nxe4 19. Qxe4 Qd5 20. Qxd5 exd5 21. bxc6 bxc6 22. Rab1 g5 23. Bc7 Ra8 24. Re1 Bf6 25. Be5 Kg7 26. Rb7 a5 27. Bxf6+ Kxf6 28. Rc7 Rfc8 29. Ree7 Rxc7 30. Rxc7 Ra6 31. g4 Ke6 32. Kg2 a4 33. a3 h6 34. Kf1 f5 35. Rh7 fxg4 36. hxg4 Ra5 37. Rxh6+ Kd7 38. Rg6 Rb5 39. Rxg5 Rb3 40. Rg7+ Kd8 41. Ra7 Rxa3 42. Kg2 Ra1 43. Kg3 a3 44. Kf4 a2 45. f3 Rd1 46. Rxa2 Rxd4+ 47. Ke5 Rd1 48. Kd6 Ke8 49. Kxc6 d4 50. Ra8+ Ke7 51. Ra7+ Ke8 52. Rd7 d3 53. Rd4 d2 54. Kd6 Kd8 55. Ke5+ Kc7 56. Kf4 Kc6 57. Ke3 Kxc5 58. Rxd2 Rg1 59. Kf4 1-0